00333nam a2200145Ia 4500008004100000041000800041082001600049100001600065245003700081250001100118260002500129300000800154365000700162650001800169240702s2024 xx 000 0 und d aeng a615.1 /MUN  aM.Muiappan  aTextbook of Modern Pharamcology  aRe2024 bCBS Publishingc2024 a514 cBV aPharmacology